| 000 | 00000nam##2200000za#4500 |
| 001 | 9.700016 |
| 003 | CaOODSP |
| 005 | 20210625000638 |
| 007 | cr ||||||||||| |
| 008 | 150407|1986||||xxc|||||o f|0| 0 eng|d |
| 040 | |aCaOODSP|beng |
| 043 | |an-cn--- |
| 086 | 1 |aEn40-335/1986E-PDF |
| 110 | 1 |aCanada. |bEnvironment Canada. |bEnvironmental Protection Service. |
| 245 | 10|aPCBs : |h[electronic resource]|bquestion and answer guide concerning polychlorinated biphenyls / |cauthors: C.J. McDonald and R.E. Tourangeau. |
| 260 | |aOttawa - Ontario : |bEnvironment Canada. |cApril 1986. |
| 300 | |a50p.|bfigs., table |
| 500 | |aThe catalogue number (EN40-335/1986E) and ISBN (0-662-14595-X) for the print edition have been copied in this electronic publication. |
| 590 | |a14-21-Supp|b2014-12-11 |
| 690 | 07|aToxic substances|2gcpds |
| 775 | 08|tBPC : |w(CaOODSP)9.643151 |
| 856 | 40|ahttp://publications.gc.ca|qPDF|s1.76 MB|uhttps://publications.gc.ca/collections/collection_2014/ec/En40-335-1986-eng.pdf |